| 000 | 01369cam a22003857a 4500 | ||
|---|---|---|---|
| 001 | 15979818 | ||
| 003 | OSt | ||
| 005 | 20240216103421.0 | ||
| 008 | 091110s2010 caua b 001 0 eng c | ||
| 010 | _a 2009517662 | ||
| 015 |
_aGBA959038 _2bnb |
||
| 016 | 7 |
_a015291337 _2Uk |
|
| 020 | _a9780321643391 | ||
| 020 | _a0321643399 | ||
| 035 | _a(OCoLC)ocn403417500 | ||
| 040 |
_aUKM _cUKM _dYDXCP _dTXA _dBWX _dDLC |
||
| 042 | _apcc | ||
| 050 | 0 | 0 |
_aQA76.9.H85 _bS24 2010 |
| 082 |
_a004.019 _bSAF |
||
| 100 | 1 |
_aSaffer, Dan. _9120620 |
|
| 245 | 1 | 0 |
_aDesigning for interaction : _bcreating innovative applications and devices / _cDan Saffer. |
| 250 | _a2nd ed. | ||
| 260 |
_aBerkeley, CA : _bNew Riders, _c2010. |
||
| 300 |
_axv, 223 p. : _bcol. ill. ; _c23 cm. |
||
| 490 | 1 | _aVoices that matter | |
| 504 | _aIncludes bibliographical references and index. | ||
| 650 | 0 |
_aHuman-computer interaction. _99347 |
|
| 650 | 0 |
_aDesign _xHuman factors. _9120621 |
|
| 650 | 0 |
_aUser interfaces (Computer systems) _993979 |
|
| 650 | 0 |
_aSystem design. _92255 |
|
| 830 | 0 |
_aVoices that matter. _9120622 |
|
| 906 |
_a7 _bcbc _cpccadap _d2 _encip _f20 _gy-gencatlg |
||
| 942 |
_2ddc _cBK _aSADA _k004.019 SAF 2010 |
||
| 999 |
_c607807 _d607807 |
||